Распределение ионов кадмия и алюминия в тканях и органах муксуна и нельмы нижнего течения Оби; Творчество юных - шаг в успешное будущее

Bibliografske podrobnosti
Parent link:Творчество юных - шаг в успешное будущее.— 2015.— [С. 284-286]
Glavni avtor: Борисенко Н. В.
Drugi avtorji: Кыров Д. Н. (научный руководитель)
Izvleček:Заглавие с титульного экрана
Jezik:ruščina
Izdano: 2015
Serija:Геоэкология и экология водных систем
Teme:
Online dostop:http://earchive.tpu.ru/handle/11683/15760
Format: Elektronski Book Chapter
KOHA link:https://koha.lib.tpu.ru/cgi-bin/koha/opac-detail.pl?biblionumber=617494

MARC

LEADER 00000naa2a2200000 4500
001 617494
005 20231101132949.0
035 |a (RuTPU)RU\TPU\conf\15807 
035 |a RU\TPU\conf\15806 
090 |a 617494 
100 |a 20160310d2015 k y0rusy50 ca 
101 0 |a rus 
102 |a RU 
105 |a y z 101zy 
135 |a drcn ---uucaa 
181 0 |a i  
182 0 |a b 
200 1 |a Распределение ионов кадмия и алюминия в тканях и органах муксуна и нельмы нижнего течения Оби  |f Н. В. Борисенко  |g науч. рук. Д. Н. Кыров 
203 |a Текст  |c электронный 
225 1 |a Геоэкология и экология водных систем 
230 |a 1 компьютерный файл (pdf; 505 Кб) 
300 |a Заглавие с титульного экрана 
320 |a [Библиогр.: с. 286 (6 назв.)] 
463 0 |0 (RuTPU)RU\TPU\conf\15338  |t Творчество юных - шаг в успешное будущее  |o материалы VIII Всероссийской научной студенческой конференции с элементами научной школы имени профессора М. К. Коровина, г. Томск, 23-27 ноября 2015 г.  |f Национальный исследовательский Томский политехнический университет (ТПУ) ; под ред. А. Ю. Дмитриева  |v [С. 284-286]  |d 2015 
610 1 |a труды учёных ТПУ 
610 1 |a электронный ресурс 
610 1 |a ионы кадмия 
610 1 |a алюминий 
610 1 |a муксун 
610 1 |a нельма 
610 1 |a Обь 
700 1 |a Борисенко  |b Н. В. 
702 1 |a Кыров  |b Д. Н.  |4 727 
801 2 |a RU  |b 63413507  |c 20180216  |g RCR 
856 4 |u http://earchive.tpu.ru/handle/11683/15760 
942 |c BK